| 000 | 00000nam##2200000za#4500 |
| 001 | 9.696276 |
| 003 | CaOODSP |
| 005 | 20210624234947 |
| 007 | cr ||||||||||| |
| 008 | 150407|2001||||xxc|||||o f|0| 0 eng|d |
| 040 | |aCaOODSP|beng |
| 043 | |an-cn--- |
| 086 | 1 |aH39-509/2001-1E-PDF |
| 110 | 1 |aCanada. |bHealth Canada. |
| 245 | 10|aTalking tools II : |h[electronic resource]|bputting communication skills to work : course book |
| 246 | 1 |iVariant title : |aTalking tools II. Course book |
| 260 | |aOttawa - Ontario : |bHealth Canada |cc2001. |
| 300 | |a100p.|bfigs., glossary, references |
| 500 | |a"A three-hour interactive course for practising physicians". -- The catalogue number (H39-509/2001-1E) and ISBN (0-662-31170-1) for the print edition have been incorrectly copied in this electronic publication. |
| 590 | |a12-26-Supp|b2012-06-07 |
| 690 | 07|aMedicine|2gcpds |
| 690 | 07|aDiagnosis|2gcpds |
| 690 | 07|aOral communication|2gcpds |
| 775 | 08|tOutils de communication II : |w(CaOODSP)9.640397 |
| 776 | 0#|tTalking tools II : |w(CaOODSP)9.648362 |
| 856 | 40|ahttp://publications.gc.ca|qPDF|s1.33 MB|uhttps://publications.gc.ca/collections/Collection/H39-509-2001-1E.pdf |